A családi diszfunkciókból eredő ártalmak hatása a Z-generációra és munkavállalására
| Main Author: | |
|---|---|
| Other Authors: | |
| Format: | Thesis |
| Kulcsszavak: | 21. század Diszfunkcionális működés kötődés pályaválasztás Z-generáció |
| Online Access: | http://dolgozattar.uni-bge.hu/59534 |
MARC
| LEADER | 00000nta a2200000 i 4500 | ||
|---|---|---|---|
| 001 | dolg59534 | ||
| 005 | 20260409145210.0 | ||
| 008 | 260409suuuu hu om 000 hun d | ||
| 040 | |a BGE Dolgozattár Repozitórium |b hun | ||
| 041 | |a hu | ||
| 100 | 1 | |a Turkus Lilla | |
| 245 | 1 | 2 | |a A családi diszfunkciókból eredő ártalmak hatása a Z-generációra és munkavállalására |c Turkus Lilla |h [elektronikus dokumentum] |
| 520 | 3 | |a A kutatás témája a családi diszfunkciókból eredő ártalmak hatása a Z-generációra és munkavállalására. Személyes érintettségem Z-generációs fiatalként megalapozta a téma iránti érdeklődésemet. A magánélet és a munka közti kapcsolat, a család befolyása, az egyéni sérelmekből eredő ártalmak és megélt traumák kihatása az emberekre és szerepvállalásukra az életben kimagasló figyelmet igényel. Társadalmunkban egyre több figyelem irányul a család szerepére az egyén fejlődésében és életében, ami gyakran negatív vonalon haladhat.A családi diszfunkciók például az érzelmi/fizikai bántalmazás, az elhanyagolás, a szerhasználó szülők és az elvált szülők esete komoly hatással vannak az egyén mentális egészségére, önértékelésére és kapcsolati képességeire. Ezek a hatások a Z-generáció esetében különösen relevánsak, hiszen egy olyan társadalmi és gazdasági környezetben nőnek fel, amely nagy hangsúlyt helyez az egyéni kompetenciákra, a rugalmasságra és az önálló döntéshozatalra a munkavállalás terén. | |
| 695 | |a 21. század | ||
| 695 | |a Diszfunkcionális működés | ||
| 695 | |a kötődés | ||
| 695 | |a pályaválasztás | ||
| 695 | |a Z-generáció | ||
| 700 | 1 | |a Farkas Dr. Julianna |e ths | |
| 856 | 4 | 0 | |u http://dolgozattar.uni-bge.hu/59534/1/szakdolgozat_2025_Turkus_Lilla.pdf |z Dokumentum-elérés |
| 856 | 4 | 0 | |u http://dolgozattar.uni-bge.hu/59534/2/Turkus%20Lilla%20b%C3%ADr%C3%A1lat%20Farkas.pdf |z Dokumentum-elérés |
| 856 | 4 | 0 | |u http://dolgozattar.uni-bge.hu/59534/3/Turkus%20Lilla%20b%C3%ADr%C3%A1lat%20KSZ.pdf |z Dokumentum-elérés |